000 00436nam a22001577a 4500
003 OSt
005 20251031094441.0
008 251031b |||||||| |||| 00| 0 eng d
022 _a0040-5639
100 _aBrett McLaughlin, SJ
245 _aFURNAL, JOSHUA:
_bCatholic Theology After Kierkegaard
260 _aUSA,
_bSages Publications;
_c2018
300 _aP.191-193
440 _aTheological Studies
_nNo.1
_vVol.79
942 _2lcc
_cART
999 _c205002
_d204962